Регионална библиотека "Любен Каравелов" - Русе

Обяд (Запис номер 8363)

MARC детайли
000 -Лидер
Контролно поле с фиксирана дължина 00928nam a2200289 c 4500
003 - Код на организацията, давaща контролен номер
Контролно поле BLK
005 - Дата и час на последна редакция
Контролно поле 20180420214320.0
008 - Елементи от данни с фиксирана дължина
fixed length control field 180412b bul|||||r ||||||| ||bul||
010 ## - Наследен системен номер
LC control number KNG00009708000
040 ## - Източник на каталожния запис
Идентификатор на билиотеката - собственик на записа BLK
041 ## - Код за език
Код за езика на текст/звукозапис или на отделно заглавие Български
Код за езика КДБФ Български
080 ## - УДК
Текстов определител УДК Английска литература
УДК код - определител по УДК 821.111
УДК определител -31
УДК - код + определител 821.111-31
100 1# - Редна дума - Автор
Автор Молине, Карън
Авторска отговорност първи автор
R(LIN) 98684
139 ## - Редно поле
Редна дума Молине, Карън
Авторски знак Молн - М 82
245 10 - Сведения за заглавието
Заглавие Обяд
Подзаглавни данни Роман
Редно поле (дума) Карън Молине.
257 ## - Страна на издаване
Страна на създаване/издаване Великобритания
260 ## - Област на издателските данни
-- София
Име на издателя, разпространителя и проч. Весела Люцканова
Година на издаване 1995
Печатница Хасково : Полиграфюг
300 ## - Физическа характеристика
Страници 320 с.
Размери/Мащаб 20 см
380 ## - Жанр
Жанр Худож. лит.
490 1# - СЕРИИ (Колекции)
Име на серия Световна проза
500 ## - Общи забележки
Забележка Ориг. загл. Lunch / Karen Moline ; 5 000 тир.
852 ## - Местоположение
Форматна сигнатура Цб 184023
856 4# - Електронен адрес и достъп
Електронен формат pdf - файл
Път до файла /url/
856 4# - Електронен адрес и достъп
Електронен формат pdf - файл
Път до файла /url/
942 ## - АРТИКУЛИ
Вид на библиотечния материал Книги
Скрит в OPAC Не
944 ## - СЪЗДАВАНЕ И РЕДАКЦИЯ на ЗАПИСА
Създаване/Редакция Създаване
Дата на регистрацията/редакция 15.01.2003
Служител, извършил регистрацията/редакцията AB_DOS
944 ## - СЪЗДАВАНЕ И РЕДАКЦИЯ на ЗАПИСА
Създаване/Редакция Редакция
Дата на регистрацията/редакция 02.09.2014
Служител, извършил регистрацията/редакцията
999 ## - СИСТЕМНИ КОНТРОЛНИ НОМЕРА
Koha biblionumber 8363
Koha biblioitemnumber 8363
Наличности
Код за отписване Код за изгубен артикул Източник на класификационната схема Код за повреда Коз за рестрикции Код за отдаване Артикулен № Име на библиотеката - собственик Име на библиотеката, в която се намира в момента Статус (Текущо местоположение) Дата на вписване в системата Местоположение - отдел Цена в лева Инвентарен номер Систематично азбучна сигнатура Баркод Номер на екземпляра Цена в евро Служебен тип на артикула Служебна бележка
Изтеглен Не е изгубен Universal Decimal Classification Не е повреден без рестрикции заемане за дома 14472 Регионална библиотека "Любен Каравелов" Русе Регионална библиотека "Любен Каравелов" Русе Заемна - подръчен фонд 2001-01-01 Заемна - подръчен фонд 1.08 615372 Цб 184023 615372 1 0.55 Книги  
Изтеглен Не е изгубен Universal Decimal Classification Не е повреден без рестрикции заемане за дома 14473 Регионална библиотека "Любен Каравелов" Русе Регионална библиотека "Любен Каравелов" Русе Заемна - подръчен фонд 2001-01-01 Заемна - подръчен фонд 1.08 615852 Цб 184023 615852 2 0.55 Книги  
  Не е изгубен Universal Decimal Classification Не е повреден без рестрикции ползва се в читалня 14474 Регионална библиотека "Любен Каравелов" Русе Регионална библиотека "Любен Каравелов" Русе Хранилище 1995-01-01 Хранилище 1.08 618273 Цб 184023 120000618273 3 0.55 Книги Дост: Dp Вид: Д N: стар фонд Дата: 01.01.1995 Дата инв: 02.09.2014 Бележки инв: Цб2014
Vip Innovations Ltd, Rousse, Bulgaria 2025